| 000 | 00711nam a2200205 i 4500 | ||
|---|---|---|---|
| 001 | 46002 | ||
| 003 | ES-MaACL | ||
| 005 | 20250829041754.0 | ||
| 007 | t| | ||
| 008 | 030327s1972 sp ||||1| spa d | ||
| 100 | 1 |
_aConesa Canovas, Leandro. _940166 |
|
| 245 | 1 | 0 |
_aMoratín / _cLeandro Conesa Canovas. |
| 260 |
_aMadrid : _bEpesa [Ediciones y Publicaciones Españolas], _c[1972] |
||
| 300 |
_a207 p. ; _c17 cm. |
||
| 490 | 1 |
_aGrandes escritores contemporáneos ; _v51 |
|
| 600 | 1 | 7 |
_aFernández de Moratín, Leandro, _d1760-1828- _xCrítica e interpretación _2 _9143062 |
| 830 | 1 | 0 |
_aGrandes escritores contemporáneos (Epesa) _v51 _9180697 |
| 852 |
_aES-MaACL _jC-43898 |
||
| 999 |
_c46002 _d46002 |
||